LDR 00951nam a2200217 i 4500 001 000000038534 003 CaOOAMICUS 005 20260424103759.0 008 131104s1992 xx u000 u ger u 013 $a9126 020 $a3-525-51671-1 040 $aSeMil$bita 100 1 $aAlbertz, Rainer,$d<1943- >.$0(OLS)http://semarc/name/7216 245 10$a1: Von den Anfängen bis zum Ende der Königszeit /$cRainer Albertz. 773 0 $aAlbertz, Rainer <1943- >$tReligionsgeschichte Israels in alttestamentlicher Zeit.$dGöttingen : Vandenhoeck & Ruprecht, 1992.$kGrundrisse zum Alten Testament$g1$w()29024 850 $aSeMil 852 $aSeMil$W1$xVenegono$y1$m2V IV 307$j270389$B4689$CSeMilBibl$Z2$F4689 $81 961 $aAcquisto: Casa editrice 996 $6020$a3-525-51671-1$9(OLS)http://semarc/number/7846 996 $6245$a1: Von den Anfängen bis zum Ende der Königszeit$9(OLS)http://semarc/title/459361